<?xml version="1.0" encoding="UTF-8"?>
<record
    xmlns:xsi="http://www.w3.org/2001/XMLSchema-instance"
    xsi:schemaLocation="http://www.loc.gov/MARC21/slim http://www.loc.gov/standards/marcxml/schema/MARC21slim.xsd"
    xmlns="http://www.loc.gov/MARC21/slim">

  <leader>01664ngm a22003377a 4500</leader>
  <controlfield tag="005">20160701112835.0</controlfield>
  <controlfield tag="007">vd bsairk</controlfield>
  <controlfield tag="008">160701t20091942   102|a |||| s0| vleng d</controlfield>
  <datafield tag="050" ind1="0" ind2="4">
    <subfield code="a">PN1997 .C352</subfield>
    <subfield code="b">C37 2009</subfield>
  </datafield>
  <datafield tag="245" ind1="0" ind2="0">
    <subfield code="a">Casablanca </subfield>
    <subfield code="c">director, Michael Curtiz ; productor, Hal B. Wallis.</subfield>
    <subfield code="h">[videograbaci&#xF3;n] / </subfield>
  </datafield>
  <datafield tag="260" ind1=" " ind2=" ">
    <subfield code="a">M&#xE9;xico :</subfield>
    <subfield code="b">Warner Home Video M&#xE9;xico,</subfield>
    <subfield code="c">2009</subfield>
  </datafield>
  <datafield tag="300" ind1=" " ind2=" ">
    <subfield code="a">1 videodisco (102 min.) : </subfield>
    <subfield code="b">stereo y monol, blanco y negro,</subfield>
    <subfield code="c"> 4 3/4 plg.</subfield>
  </datafield>
  <datafield tag="306" ind1=" " ind2=" ">
    <subfield code="a">000102</subfield>
  </datafield>
  <datafield tag="508" ind1=" " ind2=" ">
    <subfield code="a">Director de fotograf&#xED;a, Arthur Edeson ; editor, Owen Marks ; guionistas, Julius J. Philip G. Epstein, Howard Koch ; m&#xFA;sica Max Steiner.</subfield>
  </datafield>
  <datafield tag="511" ind1="1" ind2=" ">
    <subfield code="a">Humphrey Bogart, Ingrid Bergman, Paul Henreid, Claude Rains, Conrad Veidt, Sydney Greenstreet, Peter Lorre, S.Z. Sakall.</subfield>
  </datafield>
  <datafield tag="520" ind1=" " ind2=" ">
    <subfield code="a">En Casablanca, Marruecos en diciembre de 1941, un expatriado estadounidense c&#xED;nico se encuentra con un antiguo amante, con complicaciones imprevistas.</subfield>
  </datafield>
  <datafield tag="521" ind1=" " ind2=" ">
    <subfield code="a">Clasificaci&#xF3;n "A" </subfield>
  </datafield>
  <datafield tag="538" ind1=" " ind2=" ">
    <subfield code="a">Blu ray</subfield>
  </datafield>
  <datafield tag="546" ind1=" " ind2=" ">
    <subfield code="a">Ingl&#xE9;s, franc&#xE9;s y espa&#xF1;ol con subt&#xED;tulos en ingl&#xE9;s, franc&#xE9;s y espa&#xF1;ol.</subfield>
  </datafield>
  <datafield tag="586" ind1=" " ind2=" ">
    <subfield code="a">Ganadora de tres premios de la academia: Mejor imagen,
mejor director Michael Curtiz, mejor gui&#xF3;n adaptado Julius J. Epstein Philip G. Epstein Howard Koch.
 </subfield>
  </datafield>
  <datafield tag="650" ind1="0" ind2="4">
    <subfield code="a">Romance</subfield>
    <subfield code="v">Drama</subfield>
    <subfield code="x">Guerra</subfield>
  </datafield>
  <datafield tag="700" ind1="1" ind2=" ">
    <subfield code="a">Curtiz, Michael,</subfield>
    <subfield code="e">director</subfield>
  </datafield>
  <datafield tag="700" ind1="1" ind2=" ">
    <subfield code="a">Wallis, Hal B.,</subfield>
    <subfield code="e">productor</subfield>
  </datafield>
  <datafield tag="700" ind1="1" ind2=" ">
    <subfield code="4">Edeson, Arthur,</subfield>
    <subfield code="e">Director de fotograf&#xED;a</subfield>
  </datafield>
  <datafield tag="700" ind1="1" ind2=" ">
    <subfield code="a">Marks s, Owen,</subfield>
    <subfield code="e">editor</subfield>
  </datafield>
  <datafield tag="700" ind1="1" ind2=" ">
    <subfield code="a">Julius J. </subfield>
    <subfield code="e">guionista</subfield>
  </datafield>
  <datafield tag="700" ind1="1" ind2=" ">
    <subfield code="a">Epstein, Philip G.,</subfield>
  </datafield>
  <datafield tag="700" ind1="1" ind2=" ">
    <subfield code="a">Koch, Howard,</subfield>
    <subfield code="e">guionista</subfield>
  </datafield>
  <datafield tag="700" ind1="1" ind2=" ">
    <subfield code="a">Max Steiner</subfield>
    <subfield code="e">m&#xFA;sico</subfield>
  </datafield>
  <datafield tag="942" ind1=" " ind2=" ">
    <subfield code="2">lcc</subfield>
    <subfield code="c">PEL</subfield>
  </datafield>
  <datafield tag="999" ind1=" " ind2=" ">
    <subfield code="c">117421</subfield>
    <subfield code="d">117421</subfield>
  </datafield>
  <datafield tag="952" ind1=" " ind2=" ">
    <subfield code="0">0</subfield>
    <subfield code="1">0</subfield>
    <subfield code="2">lcc</subfield>
    <subfield code="4">0</subfield>
    <subfield code="7">0</subfield>
    <subfield code="a">LIC-047</subfield>
    <subfield code="b">LIC-047</subfield>
    <subfield code="c">MA</subfield>
    <subfield code="d">2016-07-01</subfield>
    <subfield code="h">VBFP000083</subfield>
    <subfield code="o">PN1997.C352 C37 2009</subfield>
    <subfield code="p">VBFP000083</subfield>
    <subfield code="r">2016-07-01 00:00:00</subfield>
    <subfield code="t">2</subfield>
    <subfield code="w">2016-07-01</subfield>
    <subfield code="y">PEL</subfield>
  </datafield>
</record>
